[Event "Rheinland Pfalz op 6th"]
[Site "Gau Algesheim"]
[Date "2014.06.19"]
[Round "1"]
[White "Schoenberger, Kay"]
[Black "Schwarzkopf, Robert"]
[Result "1-0"]
[WhiteElo "1877"]
[BlackElo "1239"]
[PlyCount "89"]
[EventDate "2014.06.19"]
[EventType "swiss"]
[EventRounds "7"]
[EventCountry "GER"]
[SourceTitle "CBM 161 Extra"]
[Source "ChessBase"]
[SourceDate "2014.08.29"]
[SourceVersion "1"]
[SourceVersionDate "2014.08.29"]
[SourceQuality "1"]

1. d4 Nf6 2. c4 g6 3. Nc3 Bg7 4. e4 d6 5. f3 0-0 6. Be3 Nbd7 7. Nh3 e5 8. d5 a6 9. Qd2 Qe7 10. Bg5 Rd8 11. Nf2 Qf8 12. Ng4 h5 13. Nf2 Re8 14. Be2 Nh7 15. Be3 Ndf6 16. 0-0-0 Bd7 17. h4 b6 18. g4 Rec8 19. g5 Ne8 20. Bf1 Rcb8 21. Bh3 Qe7 22. Bxd7 Qxd7 23. Nd3 b5 24. c5 b4 25. Nb1 Qa4 26. b3 Qb5 27. c6 a5 28. Nb2 Qa6 29. Qd3 Qc8 30. Nd2 Nf8 31. Ndc4 Ra6 32. Rd2 Rba8 33. Na4 Bh8 34. Rf2 Ng7 35. f4 exf4 36. Rxf4 Ne8 37. Rhf1 f6 38. Bd4 Nh7 39. gxf6 Kf7 40. e5 Nf8 41. e6+ Nxe6 42. dxe6+ Qxe6 43. Re4 Qc8 44. Re7+ Kf8 45. Qxg6 1-0

[Event "Rheinland Pfalz op 5th"]
[Site "Worms"]
[Date "2013.06.02"]
[Round "7"]
[White "Conte, Adrian1111"]
[Black "Schwarzkopf, Robert"]
[Result "1-0"]
[WhiteElo "1524"]
[BlackElo "1241"]
[PlyCount "152"]
[EventDate "2013.05.30"]
[EventType "swiss"]
[EventRounds "7"]
[EventCountry "GER"]
[SourceTitle "EXT 2014"]
[Source "ChessBase"]
[SourceDate "2013.11.20"]
[SourceVersion "1"]
[SourceVersionDate "2013.11.20"]
[SourceQuality "1"]

1. e4 Nf6 2. Nc3 d6 3. d4 c6 4. Nf3 Nbd7 5. Be2 g6 6. h3 Bg7 7. Be3 0-0 8. a4 a5 9. 0-0 Re8 10. Qd2 e5 11. dxe5 dxe5 12. Rfd1 Qe7 13. Bc4 Nf8 14. Ng5 Ne6 15. Nxe6 Bxe6 16. Bxe6 Qxe6 17. Bh6 Qc4 18. Bxg7 Kxg7 19. Qe3 b5 20. axb5 cxb5 21. b3 Qb4 22. Nd5 Nxd5 23. Rxd5 Rad8 24. Rad1 Rxd5 25. Rxd5 a4 26. bxa4 Qxa4 27. Qc5 Qxe4 28. Qxb5 Ra8 29. Rd1 Rc8 30. Qd3 Qxd3 31. cxd3 Rd8 32. Kf1 e4 33. Ke2 exd3+ 34. Rxd3 Ra8 35. Rd7 Re8+ 36. Kf3 Re1 37. Ra7 Rg1 38. g3 h5 39. Kf4 Rh1 40. h4 Rf1 41. f3 Re1 42. Rb7 Re6 43. Ra7 Kf6 44. Ra5 Re7 45. Ra6+ Kg7 46. Ra4 f6 47. Re4 Rf7 48. Re3 Kh6 49. Re6 Kg7 50. g4 hxg4 51. fxg4 Kh6 52. Rd6 f5 53. g5+ Kg7 54. Re6 Rc7 55. Rf6 Rc4+ 56. Kg3 Rg4+ 57. Kh3 Rg1 58. Kh2 Rf1 59. Kg2 Rf4 60. Kg3 Re4 61. Kh3 Re3+ 62. Kg2 Re2+ 63. Kf3 Rh2 64. Kg3 Rh1 65. Ra6 f4+ 66. Kxf4 Rxh4+ 67. Ke5 Rh1 68. Ra7+ Kf8 69. Kf6 Rf1+ 70. Kxg6 Ke8 71. Kg7 Kd8 72. g6 Ke8 73. Rf7 Rg1 74. Kh7 Rh1+ 75. Kg8 Rg1 76. g7 Rg4 1-0